The Science reports of the research institutes. Series D, (Agriculture) The reports of the Institute for Agricultural Research.

Bibliographic Details
Corporate Author: Tōhoku Daigaku. Nōgaku Kenkyūjo
Format: Serial
Language:English
Published: Sendai, Japan : Tōhoku University, [1951]-
Subjects:
Online Availability: Check for online availability

MARC

Tag First Indicator Second Indicator Subfields
LEADER 00000cas a2200000 a 4500
001 in00000295521
005 20200917173950.0
008 751101d19511988ja ar 0 a0eng c
010 |a  59051244   |z sn 92038244   |z sf 98086771   |z sn 85008713  
035 |a (OCoLC)ocm01767552 
035 |a (OCoLC)01767552 
035 |9 ABG3776AM 
040 |a MUL  |b eng  |c MUL  |d NYG  |d OCL  |d WAU  |d DLC  |d OCLCQ  |d DLC  |d OCLCQ  |d OCLCF  |d OCLCO  |d OCLCQ 
019 |a 2534766 
022 |a 0082-4666  |l 0082-4666 
029 1 |a AU@  |b 000004482797 
029 1 |a AU@  |b 000020039563 
029 1 |a NZ1  |b 14328646 
035 |a (OCoLC)1767552  |z (OCoLC)2534766 
042 |a pcc  |a premarc  |a nsdp 
050 0 0 |a S19  |b .T58 
082 0 0 |a 630.5 
049 |a TXAM 
222 0 |a Science reports of the Research Institute, Tōhoku University, Series D 
245 0 4 |a The Science reports of the research institutes.  |n Series D,  |p (Agriculture) The reports of the Institute for Agricultural Research. 
246 1 |a Reports of the Institute for Agricultural Research 
264 1 |a Sendai, Japan :  |b Tōhoku University,  |c [1951]- 
300 |a 37 volumes :  |b illustrations ;  |c 26 cm. 
310 |a Annual,  |b 1966-1988 
321 |a Semiannual,  |b 1956-65 
321 |a Annual,  |b 1951-55 
336 |a text  |b txt  |2 rdacontent 
337 |a unmediated  |b n  |2 rdamedia 
338 |a volume  |b nc  |2 rdacarrier 
362 0 |a Vol. 1/2 (1950)-v. 37 (Mar. 1988). 
500 |a Title from cover. 
650 0 |a Agriculture  |v Periodicals. 
650 7 |a Agriculture.  |2 fast  |0 (OCoLC)fst00801355 
655 7 |a Periodicals.  |2 fast  |0 (OCoLC)fst01411641 
710 2 |a Tōhoku Daigaku.  |b Nōgaku Kenkyūjo. 
850 |a DLC  |a WaU 
994 |a C0  |b TXA 
949 |a updated  |b h  |c 2020/9/17  |e coplinger  |f 5:39:39 pm 
999 f f |s 1c6adf0b-93e2-32da-8e7a-2c8c1ee69d88  |i 3fac717f-37d4-35d8-8ba0-684121d70df3  |t 0 
952 f f |p ric  |a Texas A&M University  |b Rellis Campus  |c Joint Library Facility  |d Remote Storage  |t 0  |e S19 .T58  |h Library of Congress classification  |i unmediated -- volume  |k v.8-10  |l 1957-1959  |m A14851565284 
952 f f |p ric  |a Texas A&M University  |b Rellis Campus  |c Joint Library Facility  |d Remote Storage  |t 0  |e S19 .T58  |h Library of Congress classification  |i unmediated -- volume  |k v.31-35  |l 1980-1986  |m A14811416643 
952 f f |p ric  |a Texas A&M University  |b Rellis Campus  |c Joint Library Facility  |d Remote Storage  |t 0  |e S19 .T58  |h Library of Congress classification  |i unmediated -- volume  |k v.17-20  |l 1966-1969  |m A14851565557 
952 f f |p ric  |a Texas A&M University  |b Rellis Campus  |c Joint Library Facility  |d Remote Storage  |t 0  |e S19 .T58  |h Library of Congress classification  |i unmediated -- volume  |k v.11-12  |l 1960-1961  |m A14851565151 
952 f f |p ric  |a Texas A&M University  |b Rellis Campus  |c Joint Library Facility  |d Remote Storage  |t 0  |e S19 .T58  |h Library of Congress classification  |i unmediated -- volume  |k v.36-37  |l 1987-1988  |m A14816055078 
952 f f |p ric  |a Texas A&M University  |b Rellis Campus  |c Joint Library Facility  |d Remote Storage  |t 0  |e S19 .T58  |h Library of Congress classification  |i unmediated -- volume  |k v.21-25  |l 1970-1974  |m A14851565425 
952 f f |p ric  |a Texas A&M University  |b Rellis Campus  |c Joint Library Facility  |d Remote Storage  |t 0  |e S19 .T58  |h Library of Congress classification  |i unmediated -- volume  |k v.13-16  |l 1962-1965  |m A14851565029 
952 f f |p ric  |a Texas A&M University  |b Rellis Campus  |c Joint Library Facility  |d Remote Storage  |t 0  |e S19 .T58  |h Library of Congress classification  |i unmediated -- volume  |k v.1-4  |l 1950-1952  |m A14820313488 
952 f f |p ric  |a Texas A&M University  |b Rellis Campus  |c Joint Library Facility  |d Remote Storage  |t 0  |e S19 .T58  |h Library of Congress classification  |i unmediated -- volume  |k v.26-30  |l 1975-1979  |m A14851565292 
952 f f |p ric  |a Texas A&M University  |b Rellis Campus  |c Joint Library Facility  |d Remote Storage  |t 0  |e S19 .T58  |h Library of Congress classification  |i unmediated -- volume  |k v.5-7  |l 1953-1956  |m A14851565417 
998 f f |a S19 .T58  |s v.1-37 (1950-1988)  |t 0  |l Remote Storage